000 01297nam a22003377a 4500
001 0003713
003 KOHA_MİRAKIL
005 20260207001345.0
007 ta
008 090415b1998 tu |||gr||||#||||0|tur |
020 _a9757669628
_c0,01
040 _aTR-BiSEU
_btur
_cTR-BiSEU
_erda
041 0 _atur
044 _ctu
050 _aJC421
_b.S29 1998
100 1 _aŞaylan, Gencay.
245 1 _aDemokrasi ve demokrasi düşüncesinin gelişmesi/
_cGencay Şaylan ; Gencay Şaylan.
264 1 _aİstanbul :
_bTürkiye ve Orta Doğu Amme İdaresi Enstitüsü İnsan Hakları Araştırma ve Derleme Merkezi, 1998
_c1998
300 _a102 sayfa
336 _ametin
_btxt
_2rdacontent
337 _aaracısız
_bn
_2rdamedia
338 _acilt
_bnc
_2rdacarrier
490 1 _aTürkiye ve Orta Doğu Amme İdaresi Enstitüsü ;
_v282.
490 1 _aİnsan Hakları Araştırma ve Derleme Merkezi ;
_v14.
490 1 _aİnsan Hakları ve demokrasi eğitimi elkitapları dizisi ;
_v5.
650 0 _aDemokrasi--Türkiye.
_96919
830 1 _aTürkiye ve Orta Doğu Amme İdaresi Enstitüsü ;
_v282.
_99031
830 1 _aİnsan Hakları Araştırma ve Derleme Merkezi ;
_v14.
_99032
830 1 _aİnsan Hakları ve demokrasi eğitimi elkitapları dizisi ;
_v5.
_99033
942 _2lcc
_cBK
999 _c3697
_d3697